Lateglacial-interglacial transition: glaciotectonic, seismoactivity, catastrophic hydrographic and landscape changes (Запись № 11154229)

Подробности
000 -МАРКЕР
контрольное поле 02008nam0a2200337 4500
001 - ИДЕНТИФИКАТОР ЗАПИСИ
контрольное поле RU\NLR\BIBL_A\011952033
005 - ИДЕНТИФИКАТОР ВЕРСИИ
контрольное поле 20190513094926.0
010 ## - МЕЖДУНАРОДНЫЙ СТАНДАРТНЫЙ НОМЕР КНИГИ (ISBN)
Номер (ISBN) 978-5-904704-69-8
Тираж 100
021 ## - НОМЕР ГОСУДАРСТВЕННОЙ РЕГИСТРАЦИИ
Код страны Российская Федерация
Номер КН-П-19-006226
Номер Листа государственной регистраци КН-П-19-0461
035 ## - ДРУГИЕ СИСТЕМНЫЕ НОМЕРА
Идентификатор записи (NLR Aleph) 011952033
035 ## - ДРУГИЕ СИСТЕМНЫЕ НОМЕРА
Идентификатор записи (RuMoRGB)009886183
100 ## - ДАННЫЕ ОБЩЕЙ ОБРАБОТКИ
Данные общей обработки 20190305d2018 k y0rusy50 ca
101 0# - ЯЗЫК РЕСУРСА
Язык текста, звукозаписи и т.д. английский
102 ## - СТРАНА ПУБЛИКАЦИИ ИЛИ ПРОИЗВОДСТВА
Страна публикации Российская Федерация
105 ## - ПОЛЕ КОДИРОВАННЫХ ДАННЫХ: ТЕКСТОВЫЕ МАТЕРИАЛЫ, МОНОГРАФИЧЕСКИЕ
Кодированные данные о монографическом текстовом документе ab z 100zy
200 1# - ЗАГЛАВИЕ И СВЕДЕНИЯ ОБ ОТВЕТСТВЕННОСТИ
Основное заглавие Lateglacial-interglacial transition: glaciotectonic, seismoactivity, catastrophic hydrographic and landscape changes
Сведения, относящиеся к заглавию INQUA Peribaltic working group meeting and excursion 2018, 19-25 August 2018
-- International scientific conference and school for young scientists
-- excursion guide and abstracts
Первые сведения об ответственности edited by Subetto D. A. [et al.]
210 ## - ПУБЛИКАЦИЯ, РАСПРОСТРАНЕНИЕ И ДР.
Место издания, распространения и т.д. Petrozavodsk
Имя издателя, распространителя и т. д. Karelian research centre of Russian academy of science
Дата издания, распространения и т.д. 2018
215 ## - ФИЗИЧЕСКАЯ ХАРАКТЕРИСТИКА
Специфическое обозначение материала и объем 133 с.
Другие сведения о физической характеристике ил., цв. ил., карт.
Размеры 30
320 ## - ПРИМЕЧАНИЯ О НАЛИЧИИ В ДОКУМЕНТЕ БИБЛИОГРАФИИ / УКАЗАТЕЛЯ
Текст примечания Библиогр. в конце ст.
541 1# - ПЕРЕВОД ЗАГЛАВИЯ, СДЕЛАННЫЙ КАТАЛОГИЗАТОРОМ
Заглавие Позднеледниковый - межледниковый переход: гляциотектоника, сейсмоактивность, катастрофические гидрографические и ландшафтные изменения
606 1# - НАИМЕНОВАНИЕ ТЕМЫ КАК ПРЕДМЕТ
Наименование темы Четвертичный период
Формальный подзаголовок Съезды, совещания и т.п
Код системы nlr_sh1
-- nlr_sh2
Идентификатор авторитетной/нормативной записи RU\NLR\AUTH\6656348
686 1# - ИНДЕКСЫ ДРУГИХ КЛАССИФИКАЦИЙ
Индекс Д432.72я431(0)
702 #1 - ИМЯ ЛИЦА - ВТОРИЧНАЯ ОТВЕТСТВЕННОСТЬ
Начальный элемент ввода Subetto
Часть имени, кроме начального элемента ввода D. A.
Расширение инициалов личного имени Dmitrij Aleksandrovič
Идентификатор авторитетной/нормативной записи RU\NLR\AUTH\7787271
Код отношения Редактор
711 02 - НАИМЕНОВАНИЕ ОРГАНИЗАЦИИ - АЛЬТЕРНАТИВНАЯ ОТВЕТСТВЕННОСТЬ
Начальный элемент ввода International association for the study of the quaternary period in Europe
Структурное подразделение Peribaltic working group
-- Meeting
Дата проведения временной организации 2018
Место проведения временной организации Petrozavodsk
Идентификатор авторитетной/нормативной записи RU\NLR\AUTH\880499933
711 02 - НАИМЕНОВАНИЕ ОРГАНИЗАЦИИ - АЛЬТЕРНАТИВНАЯ ОТВЕТСТВЕННОСТЬ
Начальный элемент ввода International association for the study of the quaternary period in Europe
Структурное подразделение Peribaltic working group
-- Excursion
Дата проведения временной организации 2018
Идентификатор авторитетной/нормативной записи RU\NLR\AUTH\880499938
942 ## - ДОПОЛНИТЕЛЬНЫЕ ЭЛЕМЕНТЫ ЗАПИСИ (АБИС)
Тип экземпляра АБИС Книга
980 ## - КОЛЛЕКЦИЯ
Название коллекции Национальная библиография
Экземпляры
Тип экземпляра Дата поступления Источник поступления Библиотека постоянного хранения Библиотека текущего хранения Место хранения Шифр хранения Штрих-код Статус экземпляра
Книга 05.03.2019 Обязательный экземпляр РНБ (Московский) РНБ (Московский) Иностранный книжный фонд Ик 2019-8/71 1-2634589